NBA Best Sidekicks in NBA History - Statistics

General Stats
  • This quiz has been taken 202 times
    168 since last reset
  • The average score is 13 of 16
Answer Stats
Team Sidekick/Partner Years Sidekick % Correct
Chicago Bulls 1987-1993, 1995-1998 Scottie Pippen
99%
Utah Jazz 1985-2003 John Stockton
94%
Golden State Warriors 2011-Present Klay Thompson
94%
Miami Heat 2010-2014 Dwyane Wade
93%
Los Angeles Lakers 1996-2004 Kobe Bryant
91%
Cleveland Cavaliers 2015-2017 Kyrie Irving
90%
San Antonio Spurs 2001-2016 Tony Parker
88%
Boston Celtics 1980-1992 Kevin McHale
86%
Los Angeles Lakers 2007-2014 Pau Gasol
83%
Oklahoma City Thunder 2008-2016 Russell Westbrook
83%
Houston Rockets 1994-1998 Clyde Drexler
79%
Detroit Pistons 1985-1994 Joe Dumars
76%
Boston Celtics 1956-1963 Bob Cousy
75%
Phoenix Suns 2004-2010 Amar’e Stoudemire
72%
New York Knicks 1967-1974 Walt Frazier
64%
New York Knicks 1988-1998 Charles Oakley
42%
No matching quizzes found
Score Distribution
Percent of People with Each Score
Percentile by Number Answered
Your Score History
You have not taken this quiz since the last reset